Alle deutschen Nationalspieler unter Hansi Flick - Statistiken

Allgemein
  • Dieses Quiz wurde 130 mal gespielt
  • Das Durchschnittsergebnis liegt bei 27 aus 49
Antwortstatistiken
EInsätze Position Spieler % Korrekt
13 Torwart Manuel Neuer
100%
10 Torwart Marc-Andre ter Stegen
98%
21 Mittelfeld Joshua Kimmich
93%
16 Abwehr Antonio Rüdiger
92%
16 Angriff Thomas Müller
88%
9 Angriff Niclas Füllkrug
87%
2 Torwart Kevin Trapp
86%
18 Mittelfeld Leon Goretzka
85%
20 Angriff Leroy Sane
82%
16 Angriff Serge Gnabry
82%
18 Mittelfeld Jamal Musiala
81%
11 Abwehr Nico Schlotterbeck
81%
9 Mittelfeld Florian Wirtz
77%
20 Angriff Kai Havertz
77%
3 Abwehr Jonathan Tah
76%
18 Abwehr David Raum
74%
1 Torwart Bernd Leno
70%
14 Abwehr Niklas Süle
70%
19 Mittelfeld Ilkay Gündogan
69%
15 Angriff Timo Werner
66%
3 Mittelfeld Mario Götze
63%
8 Mittelfeld Julian Brandt
60%
6 Abwehr Robin Gosens
58%
7 Abwehr Matthias Ginter
56%
5 Mittelfeld Emre Can
52%
4 Mittelfeld Marco Reus
52%
1 Mittelfeld Pascal Groß
52%
18 Abwehr Thilo Kehrer
51%
4 Angriff Karim Adeyemi
50%
9 Abwehr Lukas Klostermann
50%
5 Abwehr Benjamin Henrichs
46%
5 Abwehr Christian Günter
44%
2 Angriff Youssoufa Moukoko
44%
1 Mittelfeld Felix Nmecha
39%
7 Angriff Lukas Nmecha
39%
2 Abwehr Armel Bella-Kotchap
36%
18 Mittelfeld Jonas Hofmann
36%
2 Abwehr Malick Thiaw
29%
2 Mittelfeld Julian Draxler
28%
4 Mittelfeld Florian Neuhaus
27%
3 Angriff Kevin Schade
26%
2 Angriff Kevin Volland
24%
2 Mittelfeld Maximilian Arnold
24%
5 Abwehr Marius Wolf
21%
3 Abwehr Ridle Baku
20%
2 Mittelfeld Anton Stach
18%
1 Mittelfeld Julian Weigl
14%
2 Angriff Mergim Berisha
13%
1 Abwehr Josha Vagnoman
12%
Keine übereinstimmenden Quizze gefunden
Verteilung der Resultate
Anzahl Personen mit jedem Resultat
Perzentil nach korrekt beantworteten Fragen
Ihre Resultats-Entwicklung
Sie haben dieses Quiz noch nicht gespielt